000 00743na a2200253 4500
001 14837
003 MIRAKIL
005 20181213154838.0
008 161028b tu 000 0
020 _a9754582467
035 _a14837
040 _aMilas
_btur
_cTR-AnCHP
041 _atur
082 _a813.42
_bÖ94 2000
090 _a813.42 Ö94 2000
245 _aÖykülerde İstanbul
_chazırlayan Semih Gümüş
260 _aİstanbul
_bTürkiye İş Bankası Kültür Yayınları
_c2000
300 _a428 s.
_c20 sm.
440 _aTürkiye İş Bankası Kültür yayınları
_v490
490 _aEdebiyat dizisi
_v137
650 _aTürk edebiyatı
_xTürkçe hikayeler
_zİstanbul
700 _aGümüş, Semih
942 _2ddc
_cBKS
999 _c1887
_d1887